00491nam a2200205Ia 4500003000400000005001700004006001900021007000300040008004100043024001100084037001200095040002000107041001300127082001500140100001000155245004800165260004400213300001500257700001300272OSt20220928102101.0a|||||r|||| 00| 0 ta220927b |||||||| |||| 00| 0 eng d a120576 cTextual aSDCLcSDCLbeng 2engaeng a2:98, P4.4 aLal C 0aGranthalaya evam suchna vigyan adhyan mala. aNew DelhibEss Ess Publishing c2004 a141p.ccm. a Kumar K